<?xml version="1.0" encoding="UTF-8"?>
<record
    xmlns:xsi="http://www.w3.org/2001/XMLSchema-instance"
    xsi:schemaLocation="http://www.loc.gov/MARC21/slim http://www.loc.gov/standards/marcxml/schema/MARC21slim.xsd"
    xmlns="http://www.loc.gov/MARC21/slim">

  <leader>02786nam a22003017a 4500</leader>
  <controlfield tag="003">OSt</controlfield>
  <controlfield tag="005">20241005133042.0</controlfield>
  <controlfield tag="008">240815b        |||||||| |||| 00| 0 eng d</controlfield>
  <datafield tag="040" ind1=" " ind2=" ">
    <subfield code="c">Foundation University</subfield>
  </datafield>
  <datafield tag="050" ind1=" " ind2=" ">
    <subfield code="a">LG 221 D35 C66 </subfield>
    <subfield code="b">A5 I54 2015 B1449</subfield>
  </datafield>
  <datafield tag="100" ind1=" " ind2=" ">
    <subfield code="a">Baena, Paul Nicolas M.</subfield>
    <subfield code="9">7588</subfield>
  </datafield>
  <datafield tag="245" ind1=" " ind2=" ">
    <subfield code="a">Labmanager [thesis] :</subfield>
    <subfield code="b">a web-based application for computer management and inventory /</subfield>
    <subfield code="c">Paul Nicolas M. Baena, John Christopher Boctot, Jaeson M. Enumerabellon, Rico R. Getalan, John Axel S. Tizon and Rolette C. Tinambacan.</subfield>
  </datafield>
  <datafield tag="260" ind1=" " ind2=" ">
    <subfield code="a">Dumaguete City : </subfield>
    <subfield code="b">Foundation University,</subfield>
    <subfield code="c">2015</subfield>
  </datafield>
  <datafield tag="300" ind1=" " ind2=" ">
    <subfield code="a">vii, 149 Leaves :</subfield>
    <subfield code="b">ill. (col.)</subfield>
    <subfield code="c">275 cm.</subfield>
  </datafield>
  <datafield tag="502" ind1=" " ind2=" ">
    <subfield code="6">Thesis Undergraduate (BS Information Technology) -- Foundation University, 2015</subfield>
  </datafield>
  <datafield tag="504" ind1=" " ind2=" ">
    <subfield code="a">Includes bibliographical references and appendices.</subfield>
  </datafield>
  <datafield tag="520" ind1=" " ind2=" ">
    <subfield code="a">Gaining access to resources is one significant advantage of attending college. Such resources may include a field on which to practice sports, science labs, or even office space. Computer laboratories, however, are a critical resource that nearly everyone in the student body may utilize at some point during college. The only way in which students can attain digital literacy is by having hands-on experience with computer equipment. A computer laboratory allows students to become comfortable in the use of computer equipment. And in order for this equipment to be properly maintained and always in good use, management of each desktop is a must. LabManager can aid in monitoring and managing of computer laboratories in an easy way and effective way. It introduces you to how web-based computer management can be used to help generate reports of the software and hardware peripherals installed and details of malfunctioned desktop. In LabManager, a virtual representations of the laboratories is available to have a systematic monitoring process. These tell that the use of technology and ensuring that every students is competent in its use are essential in individualizing learning opportunities and at the same time monitoring and managing of these technology is also important.</subfield>
  </datafield>
  <datafield tag="521" ind1=" " ind2=" ">
    <subfield code="a">Bachelor Of Science in Information technology Students.</subfield>
  </datafield>
  <datafield tag="650" ind1=" " ind2=" ">
    <subfield code="2">LC</subfield>
    <subfield code="a">Application software.</subfield>
    <subfield code="9">8041</subfield>
  </datafield>
  <datafield tag="658" ind1=" " ind2=" ">
    <subfield code="a">Capstone 2</subfield>
    <subfield code="b"> Information Technology, Bachelor of Science </subfield>
    <subfield code="c">IT 414</subfield>
  </datafield>
  <datafield tag="690" ind1=" " ind2=" ">
    <subfield code="2">FU</subfield>
    <subfield code="a">Information storage and retrieval.</subfield>
    <subfield code="9">2351</subfield>
  </datafield>
  <datafield tag="690" ind1=" " ind2=" ">
    <subfield code="2">FU</subfield>
    <subfield code="a">Artificial Intelligence</subfield>
    <subfield code="9">8229</subfield>
  </datafield>
  <datafield tag="690" ind1=" " ind2=" ">
    <subfield code="2">FU</subfield>
    <subfield code="a">Data Mining and Knowledge Discovery</subfield>
    <subfield code="9">8334</subfield>
  </datafield>
  <datafield tag="690" ind1=" " ind2=" ">
    <subfield code="2">FU</subfield>
    <subfield code="a">Information Systems Applications </subfield>
    <subfield code="9">8335</subfield>
  </datafield>
  <datafield tag="690" ind1=" " ind2=" ">
    <subfield code="2">FU</subfield>
    <subfield code="a">Information Storage and Retrieval.</subfield>
    <subfield code="9">2351</subfield>
  </datafield>
  <datafield tag="700" ind1=" " ind2=" ">
    <subfield code="a">Boctot, John Christopher M.</subfield>
    <subfield code="d">co-author</subfield>
    <subfield code="9">7589</subfield>
  </datafield>
  <datafield tag="942" ind1=" " ind2=" ">
    <subfield code="2">ddc</subfield>
    <subfield code="c">CAPSTONE</subfield>
    <subfield code="n">0</subfield>
    <subfield code="h">LG 221 D35 C66 </subfield>
    <subfield code="i">A5 I54 2015 B1449</subfield>
  </datafield>
  <datafield tag="999" ind1=" " ind2=" ">
    <subfield code="c">3501</subfield>
    <subfield code="d">3501</subfield>
  </datafield>
  <datafield tag="952" ind1=" " ind2=" ">
    <subfield code="0">0</subfield>
    <subfield code="1">0</subfield>
    <subfield code="2">lcc</subfield>
    <subfield code="4">0</subfield>
    <subfield code="7">0</subfield>
    <subfield code="a">FOUNDATION</subfield>
    <subfield code="b">FOUNDATION</subfield>
    <subfield code="c">UGT</subfield>
    <subfield code="d">2024-10-03</subfield>
    <subfield code="e">donation</subfield>
    <subfield code="l">0</subfield>
    <subfield code="o">LG 221 D35 C66 A5 I54 2015 B1449</subfield>
    <subfield code="p">0132024003066</subfield>
    <subfield code="r">2024-09-13 00:00:00</subfield>
    <subfield code="w">2024-09-13</subfield>
    <subfield code="y">CAPSTONE</subfield>
    <subfield code="k">0132024003066</subfield>
  </datafield>
</record>
